Responses for Show #7236 - Monday, February 15, 2016

WE ASKED: Stephan James.

9 clues left unrevealed in Double Jeopardy!

Contestants

[<< previous game]

Sarah Wright, a school librarian from Plainfield, Indiana

Ramona Riddles, a substitute teacher from Fullerton, California

Chris Becker, a bus driver and trainer from Orlando, Florida (whose 1-day cash winnings total $18,399)

[next game >>]

Jeopardy! Round responses

WHERE YA FROM?
COMPUTER TERMINOLOGY
COOPER: ALICE, GARY OR ANDERSON
GOOD CAUSES
WHAT THE "H"?
RACE
(Alex: A category dedicated to the great Jesse Owens in honor of the film that's upcoming about his life.)
    $200 1
Australia

Ramona
    $200 6
[Chris gave both listed responses.]

a monitor (or display)

Chris
    $200 22
Gary Cooper

Chris
    $200 11
the Special Olympics

Ramona
    $200 15
a hashtag

Chris
    $200 14
(Chris: What is the University of Ohio?)

Ohio State

ChrisSarah
    $400 2
Tar Heel

Sarah
    $400 7
(Ramona: What is a router?)

a local bus

Ramona
Triple Stumper
    $400 20
Alice Cooper

Ramona
    $400 13
the ASPCA (the American Society for the Prevention of Cruelty to Animals)

Ramona
    $400 12
the Hindenburg

Chris
    $400 27
the long jump

Sarah
    $600 3
Belgium

Chris
    $600 8
denial of service

Chris
    $600 21
Anderson Cooper

Sarah
    $600 16
Toys for Tots

Ramona
    $600 19
hypoallergenic

Ramona
    $600 28
(Joseph) Goebbels

Ramona
    $800 4
Mexico City

Chris
    $800 9
(Sarah: What is the Great Wall of China?)

the Great Firewall

ChrisSarah
    $800 23
(Sarah: Who is... Gary Cooper?)

Alice Cooper

RamonaSarah
    $800 17
Stand Up to Cancer

Chris
    $800 25
a hat trick

Chris
    $800 29
Adidas

Ramona
    $1000 5
(Ramona: What is the Thames?)

Tyne

ChrisRamona
    $1000 10
emojis

Chris
    $1000 24
Gary Cooper

Sarah
    $3,200 18
Easter Seals

Chris
    $1000 26
habeas corpus

Sarah
    $1000 30
the 4 × 100 meter relay (the 400 meter relay accepted)

Ramona

Scores at the first commercial break (after clue 15):

Chris Ramona Sarah
$5,400 -$600 -$200

Scores at the end of the Jeopardy! Round:

Chris Ramona Sarah
$10,400 $4,200 $2,000

Double Jeopardy! Round responses

GEOGRAPHY FROM SPACE
TAKE YOUR MEDS
"C" IN LITERATURE
THE BYZANTINE EMPIRE
STARTS WITH A 3-LETTER BODY PART
ANCHOR MANAGEMENT
    $400 13
the Persian Gulf

Sarah
    $400 12
an antidote (an anti-toxin accepted)

Sarah
    $400 1
"The Charge of the Light Brigade"

Ramona
    $400 6
Greek

Chris
    $400 7
an armoire

Chris
    $800 14
an isthmus

Sarah
    $800 2
Chekhov

Ramona
    $800 8
earshot

Chris
    $1200 15
Cape Cod

Sarah
    $1200 18
foxglove

Sarah
    $1200 3
Christopher Robin

Ramona
    $3,000 19
Italy

Sarah
    $1200 9
(Ramona: Oh, uh... sorry.)

ribald

Ramona
Triple Stumper
    $1600 16
the Yucatán

Ramona
    $1600 4
Arthur C. Clarke

Chris
    $1600 20
iconoclasm

Sarah
    $1600 10
hipsters

Triple Stumper
    $2000 17
(Sarah: What is the Mekong?)
...
(Alex: We have less than a minute to go, and that was [*].)

the Ganges River

Sarah
Triple Stumper
    $2000 5
(Ramona: What is The Cricket in the Hearth?)

The Cricket on the Hearth

Ramona
Triple Stumper
    $2000 21
[The end-of-round signal sounds.]

Cornwall

Sarah
    $3,600 11
(Alex: Chris?)
(Chris: No.)

guttural

Chris

Scores at the end of the Double Jeopardy! Round:

Chris Ramona Sarah
$10,000 $5,000 $10,600

[wagering suggestions for these scores]

Final Jeopardy! Round responses

FAMOUS PHRASES
(Alex: [*]. [*], and grow up with the country.)
RamonaWhat is move out?
$5,000
ChrisWhat is rest & relax
$601
SarahWhat is live wild?
$5,000
Go West

Final scores:

Chris Ramona Sarah
$9,399 $0 $5,600
2-day champion: $27,798 3rd place: $1,000 2nd place: $2,000

Game dynamics:

Coryat scores:

Chris Ramona Sarah
$11,400 $5,000 $8,800
17 R
(including 1 DD),
2 W
(including 1 DD)
14 R,
4 W
14 R
(including 1 DD),
3 W

Combined Coryat: $25,200

[game clues] [game scores] [suggest correction]

Game tape date: 2016-01-11
The J! Archive is created by fans, for fans. Scraping, republication, monetization, and malicious use prohibited; this site may use cookies and collect identifying information. See terms. The Jeopardy! game show and all elements thereof, including but not limited to copyright and trademark thereto, are the property of Jeopardy Productions, Inc. and are protected under law. This website is not affiliated with, sponsored by, or operated by Jeopardy Productions, Inc. Join the discussion at JBoard.tv.